Беллини в особняке Берг (Запись № 10575861)

Подробности
000 -МАРКЕР
контрольное поле 02382nam0a2200361 4500
001 - ИДЕНТИФИКАТОР ЗАПИСИ
контрольное поле RU\NLR\BIBL_A\010297204
005 - ИДЕНТИФИКАТОР ВЕРСИИ
контрольное поле 20260407145122.0
010 ## - МЕЖДУНАРОДНЫЙ СТАНДАРТНЫЙ НОМЕР КНИГИ (ISBN)
Номер (ISBN) 978-88-422-2080-0
035 ## - ДРУГИЕ СИСТЕМНЫЕ НОМЕРА
Идентификатор записи (NLR Aleph) 010297204
100 ## - ДАННЫЕ ОБЩЕЙ ОБРАБОТКИ
Данные общей обработки 20140324d2011 |||y0rusy50 ca
101 0# - ЯЗЫК РЕСУРСА
Язык текста, звукозаписи и т.д. русский
-- итальянский
102 ## - СТРАНА ПУБЛИКАЦИИ ИЛИ ПРОИЗВОДСТВА
Страна публикации российская федерация
105 ## - ПОЛЕ КОДИРОВАННЫХ ДАННЫХ: ТЕКСТОВЫЕ МАТЕРИАЛЫ, МОНОГРАФИЧЕСКИЕ
Кодированные данные о монографическом текстовом документе a|||z||||01yb
200 1# - ЗАГЛАВИЕ И СВЕДЕНИЯ ОБ ОТВЕТСТВЕННОСТИ
Основное заглавие Беллини в особняке Берг
Параллельное заглавие Bellini a villa Berg
Первые сведения об ответственности Посольство Италии в Москве
Последующие сведения об ответственности под ред. Дарии Боргезе
Язык параллельного заглавия итальянский
210 ## - ПУБЛИКАЦИЯ, РАСПРОСТРАНЕНИЕ И ДР.
Место издания, распространения и т.д. Москва
Имя издателя, распространителя и т. д. Умберто Аллеманди для Посольства Италии в Москве
Дата издания, распространения и т.д. 2011
215 ## - ФИЗИЧЕСКАЯ ХАРАКТЕРИСТИКА
Специфическое обозначение материала и объем 33, [2] с.
Другие сведения о физической характеристике ил., цв. ил., портр.
Размеры 31
300 ## - ОБЩИЕ ПРИМЕЧАНИЯ
Текст примечания Текст парал. на рус. и итал. яз.
320 ## - ПРИМЕЧАНИЯ О НАЛИЧИИ В ДОКУМЕНТЕ БИБЛИОГРАФИИ / УКАЗАТЕЛЯ
Текст примечания Библиогр.: с. 17, с. 33
510 1# - ПАРАЛЛЕЛЬНОЕ ЗАГЛАВИЕ
Параллельное заглавие Bellini a villa Berg
Язык заглавия итальянский
601 02 - НАИМЕНОВАНИЕ ОРГАНИЗАЦИИ КАК ПРЕДМЕТ
Начальный элемент ввода Капитолийские музеи
Идентифицирующий признак Рим, город; Италия
Формальный подзаголовок Москва, город
Тематический подзаголовок Коллекция живописи
-- Выставки
Географический подзаголовок Москва, город
Хронологический подзаголовок 2011
Системный номер авторитетной/нормативной записи 2185262
Идентификатор авторитетной/нормативной записи RU\NLR\AUTH\6601550160
601 02 - НАИМЕНОВАНИЕ ОРГАНИЗАЦИИ КАК ПРЕДМЕТ
Начальный элемент ввода Италия
Структурное подразделение организации Посольство в России
Тематический подзаголовок Выставки
Географический подзаголовок Москва, город
Хронологический подзаголовок 2011
Системный номер авторитетной/нормативной записи 2621741
Идентификатор авторитетной/нормативной записи RU\NLR\AUTH\661558301
604 ## - ИМЯ И ЗАГЛАВИЕ КАК ПРЕДМЕТ
Связываемые данные 700#1$aБеллини$bД.$gДжовани$fок.1430 - 1516
-- 500##$a"Портрет молодого человека"$xВыставки$yМосква, город$z2011$2nlr_sh2$3RU\NLR\AUTH\6601549892
Имя лица Беллини, Джовани (ок.1430 - 1516)
Заглавие "Портрет молодого человека"
Тематический подзаголовок Выставки
Географический подзаголовок Москва, город
Хронологический подзаголовок 2011
Системный номер авторитетной/нормативной записи 2184670
Идентификатор авторитетной/нормативной записи RU\NLR\AUTH\6601549892
686 1# - ИНДЕКСЫ ДРУГИХ КЛАССИФИКАЦИЙ
Индекс Щ101.3(4Ит)-2Рим2Капитолийские музеи л62
686 1# - ИНДЕКСЫ ДРУГИХ КЛАССИФИКАЦИЙ
Индекс Щ143(4Ит)43-8Беллини л62
686 1# - ИНДЕКСЫ ДРУГИХ КЛАССИФИКАЦИЙ
Индекс Щ101.3(2)-2Москва2Посольство Италии л62
702 #1 - ИМЯ ЛИЦА - ВТОРИЧНАЯ ОТВЕТСТВЕННОСТЬ
Код отношения Редактор
Материалы, к которым относится поле rus
Графика поля Кириллица
Начальный элемент ввода Олсуфьева-Боргезе
Часть имени, кроме начального элемента ввода Д. В.
Даты 1909-1963
Расширение инициалов личного имени Дария Васильевна
Идентификатор авторитетной/нормативной записи RU\NLR\AUTH\770133379
Системный номер авторитетной/нормативной записи 133345
702 #1 - ИМЯ ЛИЦА - ВТОРИЧНАЯ ОТВЕТСТВЕННОСТЬ
Код отношения Прочие
Начальный элемент ввода Беллини
Часть имени, кроме начального элемента ввода Д.
Даты ок. 1430-1516
Расширение инициалов личного имени Джованни
Идентификатор авторитетной/нормативной записи RU\NLR\AUTH\770133367
Системный номер авторитетной/нормативной записи 133333
712 01 - НАИМЕНОВАНИЕ ОРГАНИЗАЦИИ - ВТОРИЧНАЯ ОТВЕТСТВЕННОСТЬ
Код отношения Прочие
Начальный элемент ввода Италия
Структурное подразделение Посольство в России
Идентификатор авторитетной/нормативной записи RU\NLR\AUTH\8810088811
Системный номер авторитетной/нормативной записи 679179
942 ## - ДОПОЛНИТЕЛЬНЫЕ ЭЛЕМЕНТЫ ЗАПИСИ (АБИС)
Тип экземпляра АБИС Книга
980 ## - КОЛЛЕКЦИЯ
Название коллекции Национальная библиография
Экземпляры
Тип экземпляра Дата поступления Источник поступления Стоимость Библиотека постоянного хранения Библиотека текущего хранения Место хранения Шифр хранения Штрих-код Статус не для выдачи
Книга 24.03.2014 Зарубежный дар 0.00 РНБ (Московский) РНБ (Московский) Русский книжный фонд: издания с 1957 года, 8этаж 2014-9/96 1-328199